01337nam a2200241 a 450000100080000000500110000800800410001910000200006024501570008026000160023730000110025350002320026452004530049665000120094965000170096165000100097865300090098865300240099765300240102165300160104565300150106165300190107621713682026-03-20 2023 bl uuuu m 00u1 u #d1 aBAYMA, M. M. A. aEstimativa do volume, da valoração e do potencial da exploração econômica do bambu Guadua spp. no estado do Acre, Amazônia.h[electronic resource] a2023.c2023 a113 f. aTese (Doutorado em Biodiversidade e Biotecnologia) – Programa de Pós-Graduação em Biodiversidade e Biotecnologia – Rede Bionorte, Universidade do Estado do Amazonas, Manaus. Orientador: Jonny Everson Scherwinski Pereira. aEste trabalho apresenta uma estimativa de volume do potencial econômico a partir da utilização de bambu nativo Guadua spp. no estado do Acre, Brasil. São apresentados dados dendrométricos encontrados, além de ocorrências médias e totais por tipologia florestal dos números de colmos, volumetria e estimativa de valores para o bambu nativo a ser explorado, onde se propõe um modelo de exploração para a cadeia produtiva de bambu do Acre. aBamboos aBioeconomics aBambu aAcre aAmazonia Occidental aAmazônia Ocidental aBioeconomia aGuadua spp aWestern Amazon